Music Quiz

Random Music or Lyrics Quiz

Smells Like Nirvana Lyrics Quiz Stats

Quiz not verified by Sporcle

Challenge
Share
Tweet
Embed
Score 0/239 Timer 14:00
0 Plays Today
Lyrics % Correct
bargle
100%
nawdle
100%
zouss
100%
Ayonawa,
100%
odinawa,
100%
odinaya,
100%
yodinaya,
100%
yaddayadda,
100%
yaaahyaaah,
100%
Ayaaaaaah!
100%
I
92.8%
I
92.8%
I
92.8%
I
92.8%
I
92.8%
I
92.8%
I
92.8%
I
92.8%
A
92.5%
the
87.5%
the
87.5%
the
87.5%
The
87.5%
the
87.5%
the
87.5%
What
86.8%
what
86.8%
what
86.8%
What
86.8%
what
86.8%
what
86.8%
know.
83.8%
know,
83.8%
know,
83.8%
know,
83.8%
know,
83.8%
know,
83.8%
know.
83.8%
know
83.8%
know
83.8%
know,
83.8%
know,
83.8%
know.
83.8%
know,
83.8%
know,
83.8%
know,
83.8%
know,
83.8%
know,
83.8%
know,
83.8%
know,
83.8%
know,
83.8%
know.
83.8%
know
83.8%
do
83.4%
no.
83.4%
no.
83.4%
no.
83.4%
don't
83%
Don't
83%
don't
83%
don't
83%
Don't
83%
don't
83%
don't
83%
don't
83%
don't
83%
in
83%
Don't
83%
don't
83%
don't
83%
Don't
83%
don't
83%
don't
83%
don't
83%
don't
83%
Don't
83%
don't
83%
don't
83%
don't
83%
don't
83%
Lyrics % Correct
Don't
83%
don't
83%
is
82.6%
so
82.6%
so
82.6%
So
82.6%
so -
82.6%
it
81.9%
it
81.9%
we
81.9%
we
81.9%
We
81.9%
it
81.9%
it
81.9%
all
81.1%
all
81.1%
this
80.4%
to
80.4%
this
80.4%
to
80.4%
to
80.4%
to
80.4%
to
80.4%
song
79.6%
lyrics
79.6%
about?
78.5%
ya.
78.5%
Can
78.1%
my
77.7%
my
77.7%
you
77.7%
you
77.7%
Can't
77%
I'm
77%
I'm
77%
I'm
77%
are
77%
I'm
77%
can't
77%
are
77%
are
77%
I'm
77%
I'm
77%
I'm
77%
I'm
77%
me,
76.6%
We're
76.6%
we're
76.6%
Nirvana.
76.6%
we're
76.6%
Nirvana,
76.6%
we're
76.6%
me
76.6%
and
76.2%
And
76.2%
and
76.2%
mouth.
76.2%
And
76.2%
and
76.2%
words
75.8%
oh
75.8%
Now
75.8%
With
75.8%
oh
75.8%
now,
75.8%
Oh
75.8%
lyric
75.8%
Oh,
75.8%
oh
75.8%
out.
75.5%
marbles
75.5%
figure
75.1%
Sing
75.1%
Well,
74.3%
Well,
74.3%
well,
74.3%
Well,
74.3%
Well,
74.3%
go?
73.6%
these
73.6%
Lyrics % Correct
any
73.2%
How
71.7%
hard
71.7%
hard
71.7%
singin'.
70.9%
singin'.
70.9%
It's
69.4%
It's
69.4%
tell
69.1%
tell
69.1%
Here
68.7%
sayin'
67.5%
sayin'?
67.5%
your
67.2%
from
67.2%
never
67.2%
words?
66.8%
mind.
66.4%
Seattle
66%
sure
65.7%
band
64.9%
like
64.2%
screamin'
63.8%
cattle.
63%
wanna
61.5%
beats
61.5%
raising
61.1%
you'd
60.8%
our
60.8%
garage
60.4%
wish
60%
sound
60%
find,
59.6%
parents.
59.2%
guess
58.5%
see
58.5%
Yeah.
57.7%
Yeah.
57.7%
But
57.4%
loud
57%
Madonna
57%
still
56.2%
I'll
56.2%
sheet's
54.7%
album,
54.3%
just
54%
Buy
54%
forgot
53.6%
bug
52.5%
get
51.3%
yellin'
51.3%
think
51.3%
rehearse.
50.9%
some
50.9%
pays
50.2%
verse.
49.4%
next
48.7%
mumblin'
47.9%
distinctly?
47.9%
Didn't
47.9%
playin',
47.2%
bleedin'
46.4%
ears
46%
through
46%
got
45.7%
What's
44.2%
incoherent,
43%
ought
43%
idea?
42.6%
Boy,
42.3%
message
42.3%
have
42.3%
skull.
41.9%
volume,
40.8%
conveyin'?
40.8%
Crank
40.4%
Sayonara,
40.4%
sayonara,
40.4%
unintelligible
37%

You're not logged in!

Compare scores with friends on all Sporcle quizzes.
Sign Up with Email
OR
Log In

You Might Also Like...

Show Comments

Extras

Top Quizzes Today


Score Distribution

Your Account Isn't Verified!

In order to create a playlist on Sporcle, you need to verify the email address you used during registration. Go to your Sporcle Settings to finish the process.

Report this User

Report this user for behavior that violates our Community Guidelines.

Details: